<?xml version="1.0" encoding="UTF-8"?>
<record
    xmlns:xsi="http://www.w3.org/2001/XMLSchema-instance"
    xsi:schemaLocation="http://www.loc.gov/MARC21/slim http://www.loc.gov/standards/marcxml/schema/MARC21slim.xsd"
    xmlns="http://www.loc.gov/MARC21/slim">

  <leader>00545nam a2200193 a 4500</leader>
  <controlfield tag="001">3602</controlfield>
  <controlfield tag="003">CDMR</controlfield>
  <controlfield tag="005">20131104132115.0</controlfield>
  <controlfield tag="008">130130s1961||||||||||||||||||||||||||||d</controlfield>
  <datafield tag="040" ind1=" " ind2=" ">
    <subfield code="a">CDMR</subfield>
    <subfield code="b">cat</subfield>
    <subfield code="c">CDMR</subfield>
  </datafield>
  <datafield tag="100" ind1="1" ind2=" ">
    <subfield code="a">Liebling, Abbott Joseph</subfield>
    <subfield code="9">2569</subfield>
  </datafield>
  <datafield tag="245" ind1="1" ind2="4">
    <subfield code="a">The press</subfield>
    <subfield code="c">A. J. Liebling</subfield>
  </datafield>
  <datafield tag="260" ind1=" " ind2=" ">
    <subfield code="a">New York</subfield>
    <subfield code="c">1961</subfield>
    <subfield code="b">Ballantine Books</subfield>
  </datafield>
  <datafield tag="300" ind1=" " ind2=" ">
    <subfield code="a">284 p.</subfield>
  </datafield>
  <datafield tag="650" ind1="0" ind2="4">
    <subfield code="9">257</subfield>
    <subfield code="a">Premsa</subfield>
    <subfield code="z">Estats Units d'Am&#xE8;rica</subfield>
  </datafield>
  <datafield tag="650" ind1="0" ind2="4">
    <subfield code="9">4097</subfield>
    <subfield code="a">An&#xE0;lisi de contingut (Comunicaci&#xF3;)</subfield>
  </datafield>
  <datafield tag="650" ind1="0" ind2="4">
    <subfield code="9">3219</subfield>
    <subfield code="a">Periodisme</subfield>
    <subfield code="x">Objectivitat</subfield>
  </datafield>
  <datafield tag="942" ind1=" " ind2=" ">
    <subfield code="c">MON</subfield>
    <subfield code="2">udc</subfield>
  </datafield>
  <datafield tag="999" ind1=" " ind2=" ">
    <subfield code="c">3602</subfield>
    <subfield code="d">3602</subfield>
  </datafield>
  <datafield tag="952" ind1=" " ind2=" ">
    <subfield code="0">0</subfield>
    <subfield code="1">0</subfield>
    <subfield code="4">0</subfield>
    <subfield code="7">0</subfield>
    <subfield code="a">CDMR</subfield>
    <subfield code="b">CDMR</subfield>
    <subfield code="d">2013-01-16</subfield>
    <subfield code="l">0</subfield>
    <subfield code="o">Dt 1/9</subfield>
    <subfield code="p">CDMR13119314</subfield>
    <subfield code="r">2013-01-16</subfield>
    <subfield code="w">2013-01-16</subfield>
    <subfield code="y">MON</subfield>
  </datafield>
</record>
